Guess The Taylor Swift Song By Picture - Statistics

General Stats
  • This quiz has been taken 181 times
  • The average score is 11 of 12
Answer Stats
Picture Answer % Correct
22
99%
Red
99%
Mirrorball
97%
Paris
97%
White Horse
97%
Champagne Problems
96%
fifteen
93%
Bejeweled
92%
Picture To Burn
87%
Ivy
85%
Love Story
85%
happiness
47%
No matching quizzes found
Score Distribution
Percent of People with Each Score
Percentile by Number Answered
Your Score History
You have not taken this quiz